书目信息 |
| 题名: |
安全城市
|
|
| 作者: | 马德峰 著 | |
| 分册: | ||
| 出版信息: | 北京 中国计划出版社 2005.06 |
|
| 页数: | 11, 253页 | |
| 开本: | 20cm | |
| 丛书名: | 21世纪城市新形态丛书 | |
| 单 册: | ||
| 中图分类: | D523.3 | |
| 科图分类: | ||
| 主题词: | 城市--安全--研究 | |
| 电子资源: | ||
| ISBN: | 7-80177-419-1 | |
| 000 | 00910nam 22002657 450 | |
| 001 | 192004003571 | |
| 005 | 20070911152129.93 | |
| 010 | @a7-80177-419-1@dCNY20.00 | |
| 100 | @a20070602d2005 ekmy0chiy0121 ea | |
| 101 | 0 | @achi |
| 102 | @aCN@b110000 | |
| 105 | @aak a 000yy | |
| 200 | 1 | @a安全城市@Aan quan cheng shi@f马德峰等著 |
| 210 | @a北京@c中国计划出版社@d2005.06 | |
| 215 | @a11, 253页@c图@d20cm | |
| 225 | 2 | @a21世纪城市新形态丛书@A21 shi ji cheng shi xin xing tai cong shu |
| 300 | @a教育部人文社会科学重点研究基地项目 | |
| 320 | @a有书目 (第250-252页) | |
| 330 | @a本书主要内容包括导论、安全城市及其指标体系、灾害与安全城市、城市社会治安、反恐与安全城市、我国安全城市创建状况、安全城市创建的理论思考。 | |
| 410 | 0 | @12001 @a21世纪城市新形态丛书 |
| 606 | 0 | @a城市@x安全@x研究 |
| 690 | @aD523.3@v4 | |
| 701 | 0 | @a马德峰@Ama de feng@4著 |
| 801 | 0 | @aCN@c20070911 |
| 905 | @dD523.3@eM032 | |
| 安全城市/马德峰等著.-北京:中国计划出版社,2005.06 |
| 11, 253页:图;20cm.-(21世纪城市新形态丛书) |
| 教育部人文社会科学重点研究基地项目 |
| ISBN 7-80177-419-1:CNY20.00 |
| 本书主要内容包括导论、安全城市及其指标体系、灾害与安全城市、城市社会治安、反恐与安全城市、我国安全城市创建状况、安全城市创建的理论思考。 |
| ● |
| 相关链接 |
|
|
|
正题名:安全城市
索取号:D523.3/M032
 
预约/预借
| 序号 | 登录号 | 条形码 | 馆藏地/架位号 | 状态 | 备注 |
| 1 | 617398 | 206173987 | 社科库509/509社科库 71排3列4层/ [索取号:D523.3/M032] | 在馆 | |
| 2 | 617399 | 206173996 | 社科库509/509社科库 71排3列4层/ [索取号:D523.3/M032] | 在馆 | |
| 3 | 617400 | 206174003 | 社科库509/509社科库 71排3列4层/ [索取号:D523.3/M032] | 在馆 |